Normal view
MARC view
Entry Personal Name
001 - CONTROL NUMBER
- control field: 281
003 - CONTROL NUMBER IDENTIFIER
- control field: Ke-BoTe
005 - DATE AND TIME OF LATEST TRANSACTION
- control field: 20211104111036.0
008 - FIXED-LENGTH DATA ELEMENTS
- fixed length control field: 211104|| aca||aabn | a|a d
040 ## - CATALOGING SOURCE
- Original cataloging agency: Ke-BoTe
- Transcribing agency: Ke-BoTe
100 ## - HEADING--PERSONAL NAME
- Personal name: Torrey, R. A.
- Fuller form of name: (Reuben Archer),
- Dates associated with a name: 1856-1928
670 ## - SOURCE DATA FOUND
- Source citation: Work cat.: (Ke-BoTe)82: Torrey, R. A. (Reuben Archer), 1856-1928., How to bring men to Christ /, 1977.
